[Event "94th YMCA Summer-B"]
[Site "Warszawa"]
[Date "2011.08.06"]
[Round "1"]
[White "Koziol, Pawel"]
[Black "Tomczyk, Ryszard"]
[Result "1-0"]
[WhiteElo "1804"]
[BlackElo "1467"]
[PlyCount "65"]
[EventDate "2011.07.27"]
[EventType "tourn"]
[EventRounds "1"]
[EventCountry "POL"]
[SourceDate "2011.07.27"]

1. e4 e6 2. d3 g6 3. Nd2 Bg7 4. g3 b6 5. Bg2 Bb7 6. f4 d6 7. Ngf3 Ne7 8. O-O
Nbc6 9. c3 Qd7 10. a4 e5 11. Qb3 O-O 12. a5 Ba6 13. axb6 Bxd3 14. b7 Rab8 15.
Re1 Kh8 16. c4 Bxe4 17. Nxe4 Nf5 18. fxe5 dxe5 19. Nc5 Qd6 20. Na6 Nfd4 21.
Nxd4 Nxd4 22. Qd1 Qb6 23. c5 Qb3 24. Nxb8 Rxb8 25. Qxb3 Nxb3 26. Rxa7 Nxc5 27.
Ra8 Nd7 28. Rd1 Bf8 29. Rxd7 Bc5+ 30. Kf1 Rf8 31. Bh6 Kg8 32. b8=Q f5 33. Qxf8+
1-0

[Event "94th YMCA Summer-B"]
[Site "Warszawa"]
[Date "2011.07.27"]
[Round "1"]
[White "Wrabel, Antoni"]
[Black "Wojcikiewicz, Dariusz"]
[Result "1-0"]
[WhiteElo "1739"]
[BlackElo "1443"]
[PlyCount "91"]
[EventDate "2011.07.27"]
[EventType "tourn"]
[EventRounds "1"]
[EventCountry "POL"]
[SourceDate "2011.07.27"]

1. e4 b6 2. d4 Bb7 3. Nc3 e6 4. Nf3 Bb4 5. Bd3 Nf6 6. Bg5 h6 7. Bxf6 Qxf6 8.
O-O Bxc3 9. bxc3 d6 10. Qe2 a5 11. Nd2 Nd7 12. f4 g5 13. e5 Qg7 14. exd6 cxd6
15. Nc4 Qf8 16. Rab1 Bd5 17. Nxb6 Nxb6 18. Rxb6 gxf4 19. Rxf4 Rg8 20. g3 Kd7
21. Be4 Bxe4 22. Qb5+ Ke7 23. Rxe4 Rb8 24. Rb7+ Rxb7 25. Qxb7+ Kf6 26. Rf4+ Kg7
27. Rg4+ Kh8 28. Rxg8+ Kxg8 29. Qc7 Qa8 30. Qxd6 Qe4 31. Qf4 Qxc2 32. Qxh6 Qxc3
33. Qg5+ Kf8 34. Qc5+ Qxc5 35. dxc5 e5 36. Kf2 f5 37. Ke3 Ke7 38. h4 Ke6 39. h5
Kd5 40. h6 Kxc5 41. h7 f4+ 42. gxf4 exf4+ 43. Kxf4 Kb4 44. h8=Q Ka3 45. Qc3+
Ka4 46. Qb3# 1-0

[Event "94th YMCA Summer-B"]
[Site "Warszawa"]
[Date "2011.07.27"]
[Round "1"]
[White "Bartczak, Hanna"]
[Black "Sokur, Iwan"]
[Result "1-0"]
[WhiteElo "1661"]
[BlackElo "1485"]
[PlyCount "71"]
[EventDate "2011.07.27"]
[EventType "tourn"]
[EventRounds "1"]
[EventCountry "POL"]
[SourceDate "2011.07.27"]

1. d4 e6 2. c4 g6 3. Nc3 Bg7 4. Nf3 Nc6 5. g3 Nf6 6. Bg2 d5 7. cxd5 exd5 8. O-O
O-O 9. Bf4 Bf5 10. Ne5 Nxe5 11. Bxe5 c6 12. Qb3 Qd7 13. Rac1 Rfe8 14. e3 b6 15.
Ne2 Ne4 16. Bxe4 dxe4 17. Bxg7 Kxg7 18. Qc3 Kg8 19. Qxc6 Qxc6 20. Rxc6 Be6 21.
b3 Rac8 22. Rfc1 Bd7 23. Rc7 Bg4 24. Nf4 Rxc7 25. Rxc7 Rc8 26. Rxc8+ Bxc8 27.
Kg2 Ba6 28. f3 f5 29. fxe4 fxe4 30. h4 Kf7 31. g4 h6 32. g5 hxg5 33. hxg5 Bd3
34. Nxd3 exd3 35. Kf2 Ke6 36. e4 1-0

[Event "94th YMCA Summer-B"]
[Site "Warszawa"]
[Date "2011.07.27"]
[Round "1"]
[White "Sawicki, Wojciech"]
[Black "Jedynak, January"]
[Result "1-0"]
[WhiteElo "1740"]
[BlackElo "1641"]
[PlyCount "83"]
[EventDate "2011.07.27"]
[EventType "tourn"]
[EventRounds "1"]
[EventCountry "POL"]
[SourceDate "2011.07.27"]

1. e4 c5 2. d4 cxd4 3. c3 dxc3 4. Nxc3 Nc6 5. Nf3 d6 6. Bc4 Nf6 7. e5 dxe5 8.
Qxd8+ Nxd8 9. Nb5 Rb8 10. Nxe5 Ne6 11. Bxe6 fxe6 12. Nc7+ Kd8 13. Nf7+ Kxc7 14.
Bf4+ Kb6 15. Bxb8 Rg8 16. Rc1 Bd7 17. Bc7+ Ka6 18. Ne5 g6 19. Nxd7 Nxd7 20. O-O
Bg7 21. Rfe1 e5 22. Rcd1 Nb6 23. Bxe5 Bxe5 24. Rxe5 Re8 25. Rde1 Nc8 26. Re6+
Kb5 27. R1e5+ Kc4 28. Kf1 Kd3 29. Rc5 Kd4 30. Rc7 b6 31. Rec6 Nd6 32. Rxa7 Kd5
33. Rxb6 Nc8 34. Ra5+ Kc4 35. b3+ Kc3 36. Rc6+ Kb4 37. Ra8 Nd6 38. Rxe8 Nxe8
39. Re6 Nf6 40. Rxe7 Ka3 41. Ra7+ Kb4 42. Rf7 1-0

[Event "94th YMCA Summer-B"]
[Site "Warszawa"]
[Date "2011.07.27"]
[Round "1"]
[White "Prus, Marek"]
[Black "Szewczyk, Mariusz"]
[Result "0-1"]
[WhiteElo "1783"]
[BlackElo "1804"]
[PlyCount "42"]
[EventDate "2011.07.27"]
[EventType "tourn"]
[EventRounds "1"]
[EventCountry "POL"]
[SourceDate "2011.07.27"]

1. Nc3 d5 2. e4 dxe4 3. Nxe4 e5 4. Nf3 Nc6 5. Bb5 Bd7 6. O-O Nf6 7. Qe2 Nxe4 8.
Qxe4 Bd6 9. c3 Qe7 10. Re1 O-O 11. d3 Rae8 12. Bg5 f6 13. Bh4 g5 14. Bxc6 bxc6
15. Bg3 f5 16. Qc4+ Be6 17. Qxc6 f4 18. Nxe5 fxg3 19. fxg3 Qf6 20. d4 Qf2+ 21.
Kh1 Bxa2 0-1

[Event "94th YMCA Summer-B"]
[Site "Warszawa"]
[Date "2011.07.29"]
[Round "2"]
[White "Tomczyk, Ryszard"]
[Black "Szewczyk, Mariusz"]
[Result "1-0"]
[WhiteElo "1467"]
[BlackElo "1804"]
[PlyCount "85"]
[EventDate "2011.07.27"]
[EventType "tourn"]
[EventRounds "1"]
[EventCountry "POL"]
[SourceDate "2011.07.27"]

1. e4 c5 2. Bc4 e6 3. Nc3 a6 4. a4 Nc6 5. Nf3 Nf6 6. O-O d5 7. exd5 exd5 8. Ba2
Be7 9. h3 d4 10. Ne2 O-O 11. d3 Nb4 12. Bb3 Bd7 13. Bf4 Bc6 14. Ne5 Bd5 15. c3
Nc6 16. c4 Nxe5 17. Bxe5 Bc6 18. Qd2 Re8 19. Rae1 Qd7 20. Ng3 Bxa4 21. Bxa4
Qxa4 22. Nf5 Nh5 23. Bxg7 Nxg7 24. Nxe7+ Kh8 25. Qf4 Rad8 26. Qf6 Qd7 27. Qxf7
Rf8 28. Qd5 Qxd5 29. Nxd5 Rde8 30. Nc7 Rxe1 31. Rxe1 Nh5 32. g3 Rf3 33. Re8+
Kg7 34. Ne6+ Kg6 35. Nxc5 Ng7 36. Re7 b6 37. Kg2 Rf5 38. Nxa6 Ra5 39. Nb4 Ra4
40. Nc6 Ra2 41. Re2 Ra8 42. Nxd4 Rd8 43. Nf3 1-0

[Event "94th YMCA Summer-B"]
[Site "Warszawa"]
[Date "2011.07.29"]
[Round "2"]
[White "Jedynak, January"]
[Black "Prus, Marek"]
[Result "1/2-1/2"]
[WhiteElo "1641"]
[BlackElo "1783"]
[Annotator "M"]
[PlyCount "61"]
[EventDate "2011.07.27"]
[EventType "tourn"]
[EventRounds "1"]
[EventCountry "POL"]
[SourceDate "2011.07.27"]

1. d4 Nf6 2. c4 g6 3. Nc3 Bg7 4. e4 d6 5. f4 O-O 6. Nf3 c5 7. d5 e6 8. Be2 exd5
9. cxd5 Re8 10. e5 dxe5 11. fxe5 Ng4 12. e6 fxe6 13. d6 Nc6 14. Nb5 Rf8 15. Nc7
Rb8 16. Ng5 Qf6 17. Rf1 Nf2 18. d7 Nxd1 19. Rxf6 Bxf6 20. Ngxe6 Nxb2 21. Nxf8
Nd3+ 22. Bxd3 Bxa1 23. dxc8=Q Rxc8 24. Nfe6 Ne5 25. Be4 b6 26. Bd5 Nd3+ 27. Kd2
Nxc1 28. Kxc1 Kh8 29. Nb5 a6 30. Nd6 Rb8 31. Nf7+ $11 1/2-1/2

[Event "94th YMCA Summer-B"]
[Site "Warszawa"]
[Date "2011.07.29"]
[Round "2"]
[White "Sokur, Iwan"]
[Black "Sawicki, Wojciech"]
[Result "0-1"]
[WhiteElo "1485"]
[BlackElo "1740"]
[PlyCount "50"]
[EventDate "2011.07.27"]
[EventType "tourn"]
[EventRounds "1"]
[EventCountry "POL"]
[SourceDate "2011.07.27"]

1. d4 Nf6 2. Nc3 d5 3. Bf4 c6 4. e3 g6 5. Nf3 Bg7 6. Bd3 O-O 7. h3 Nbd7 8. O-O
Re8 9. Re1 Nh5 10. g4 Nxf4 11. exf4 Qb6 12. Na4 Qb4 13. c3 Qd6 14. b4 Qxf4 15.
Nh2 e5 16. Re3 e4 17. Bf1 f5 18. Qe2 Nf6 19. Nc5 b5 20. Nd3 Qd6 21. f4 Ba6 22.
Qf2 exd3 23. Rxe8+ Rxe8 24. Re1 Rxe1 25. Qxe1 Qxf4 0-1

[Event "94th YMCA Summer-B"]
[Site "Warszawa"]
[Date "2011.07.29"]
[Round "2"]
[White "Blank, Kamil"]
[Black "Bartczak, Hanna"]
[Result "0-1"]
[WhiteElo "1674"]
[BlackElo "1661"]
[PlyCount "64"]
[EventDate "2011.07.27"]
[EventType "tourn"]
[EventRounds "1"]
[EventCountry "POL"]
[SourceDate "2011.07.27"]

1. e4 d6 2. d4 Nf6 3. Nc3 c6 4. f4 Qa5 5. Bd3 e5 6. dxe5 dxe5 7. Nf3 exf4 8.
Bxf4 Be7 9. Qe2 Be6 10. h3 Nbd7 11. Ng5 Nc5 12. Nxe6 Nxe6 13. Be3 O-O 14. O-O
Bb4 15. Rf5 Qd8 16. Raf1 Nd4 17. Bxd4 Qxd4+ 18. Kh1 Bxc3 19. bxc3 Qxc3 20. e5
Nd5 21. Rh5 g6 22. Qg4 Ne3 23. Qg5 Nxf1 24. Rh6 Qd2 25. Qh4 Ng3+ 26. Kh2 Nh5
27. Rxh5 gxh5 28. Qxh5 f5 29. exf6 Rf7 30. Bxh7+ Rxh7 31. Qg6+ Kh8 32. f7 Qf4+
0-1

[Event "94th YMCA Summer-B"]
[Site "Warszawa"]
[Date "2011.08.11"]
[Round "2"]
[White "Koziol, Pawel"]
[Black "Wrabel, Antoni"]
[Result "1/2-1/2"]
[WhiteElo "1804"]
[BlackElo "1739"]
[Annotator "Admin"]
[PlyCount "52"]
[EventDate "2011.07.27"]
[EventType "tourn"]
[EventRounds "1"]
[EventCountry "POL"]
[SourceDate "2011.07.27"]

1. g3 d5 2. Bg2 c6 3. f4 Nf6 4. Nf3 Qb6 5. b3 e6 6. Bb2 Be7 7. e3 c5 8. O-O O-O
9. Qe2 Bd7 10. Ne5 Be8 11. d3 Nc6 12. Nd2 Qc7 13. Ndf3 Rd8 14. g4 Nd7 15. Nxc6
bxc6 16. e4 d4 17. Nd2 e5 18. f5 f6 19. Nf3 g5 20. fxg6 hxg6 21. Bc1 g5 22. Rf2
Rf7 23. Nd2 Nf8 24. Nf1 Ng6 25. Ng3 Nf4 26. Bxf4 exf4 $11 1/2-1/2

[Event "94th YMCA Summer-B"]
[Site "Warszawa"]
[Date "2011.08.03"]
[Round "3"]
[White "Wrabel, Antoni"]
[Black "Tomczyk, Ryszard"]
[Result "1-0"]
[WhiteElo "1739"]
[BlackElo "1467"]
[PlyCount "89"]
[EventDate "2011.07.27"]
[EventType "tourn"]
[EventRounds "1"]
[EventCountry "POL"]
[SourceDate "2011.07.27"]

1. e4 c5 2. Nf3 Nc6 3. d4 cxd4 4. Nxd4 Qb6 5. Nb3 Nf6 6. Nc3 g6 7. Be3 Qd8 8.
Be2 Bg7 9. Qd2 b6 10. O-O Bb7 11. f3 e6 12. Rfd1 a6 13. Na4 b5 14. Nac5 Bc8 15.
c3 O-O 16. a4 Rb8 17. axb5 axb5 18. Na6 Bxa6 19. Rxa6 Qc7 20. Bc5 Rfd8 21. Bd6
Qb7 22. Nc5 Qc8 23. Rda1 Bf8 24. Bxf8 Kxf8 25. b4 d5 26. Qg5 Kg7 27. e5 Nd7 28.
Nxd7 Rxd7 29. Bd3 Nd8 30. R1a3 d4 31. cxd4 Rxd4 32. Rd6 Rxb4 33. h4 Qc5+ 34.
Kh2 Qf2 35. Qf6+ Kh6 36. Qg5+ Kg7 37. Be4 Rd4 38. Rxd4 Qxd4 39. Rd3 Qb6 40. h5
Qc7 41. h6+ Kf8 42. Qf6 Nb7 43. Bxg6 Nc5 44. Qg7+ Ke8 45. Qg8+ 1-0

[Event "94th YMCA Summer-B"]
[Site "Warszawa"]
[Date "2011.08.03"]
[Round "3"]
[White "Bartczak, Hanna"]
[Black "Wojcikiewicz, Dariusz"]
[Result "1-0"]
[WhiteElo "1661"]
[BlackElo "1443"]
[PlyCount "151"]
[EventDate "2011.07.27"]
[EventType "tourn"]
[EventRounds "1"]
[EventCountry "POL"]
[SourceDate "2011.07.27"]

1. Nf3 b6 2. g3 Bb7 3. Bg2 Nf6 4. c4 e6 5. O-O Be7 6. Nc3 d5 7. e3 Nbd7 8. b3
dxc4 9. bxc4 O-O 10. Bb2 Ba6 11. d3 Nc5 12. Ne5 Rc8 13. d4 Ncd7 14. Nc6 Qe8 15.
Qa4 Nb8 16. a3 Qd7 17. Na2 Kh8 18. Rfc1 Bb7 19. d5 Bxc6 20. dxc6 Qd2 21. Bc3
Qe2 22. Bb4 Rfe8 23. Bxe7 Rxe7 24. Nc3 Qg4 25. h3 Qf5 26. Qxa7 Qc5 27. Na4 Qa5
28. Qxa5 bxa5 29. Nc5 e5 30. Nb7 e4 31. Nxa5 Re5 32. Nb3 Nxc6 33. a4 Nd7 34. f4
Ree8 35. Bf1 f5 36. c5 Nb4 37. Bb5 c6 38. Bc4 g6 39. a5 Ra8 40. a6 Ra7 41. Rd1
Nc2 42. Rd6 Nxa1 43. Nxa1 Nxc5 44. Rxc6 Nxa6 45. Bxa6 Rea8 46. Nc2 Rxa6 47. Rc7
R6a7 48. Rc5 Kg7 49. g4 Rd7 50. gxf5 Rd1+ 51. Kg2 Rd2+ 52. Kg3 gxf5 53. Kh4
Rad8 54. Kg5 R8d5 55. Rc7+ Rd7 56. Rxd7+ Rxd7 57. Kxf5 Rc7 58. Nd4 Re7 59. Ne6+
Kh6 60. Ng5 Kh5 61. Nxe4 Kh4 62. Nf6 Kxh3 63. e4 Kg3 64. e5 Kh4 65. e6 Kg3 66.
Nd5 Re8 67. Kf6 h5 68. Kf7 Ra8 69. f5 h4 70. e7 h3 71. Ne3 h2 72. Nf1+ Kg2 73.
Nxh2 Kxh2 74. e8=Q Rxe8 75. Kxe8 Kg3 76. f6 1-0

[Event "94th YMCA Summer-B"]
[Site "Warszawa"]
[Date "2011.08.03"]
[Round "3"]
[White "Sawicki, Wojciech"]
[Black "Blank, Kamil"]
[Result "1/2-1/2"]
[WhiteElo "1740"]
[BlackElo "1674"]
[Annotator "M"]
[PlyCount "77"]
[EventDate "2011.07.27"]
[EventType "tourn"]
[EventRounds "1"]
[EventCountry "POL"]
[SourceDate "2011.07.27"]

1. e4 c5 2. d4 cxd4 3. c3 dxc3 4. Nxc3 Nc6 5. Nf3 d6 6. Bc4 e6 7. O-O Be7 8.
Qe2 Nf6 9. Rd1 e5 10. Be3 O-O 11. b4 a6 12. b5 axb5 13. Nxb5 Nxe4 14. Bc1 Nf6
15. Ba3 Ne8 16. Rd2 Nd4 17. Nfxd4 exd4 18. Bb2 Bf6 19. Bxd4 Bxd4 20. Rxd4 Qf6
21. Rad1 Ra6 22. Nc3 Ra8 23. Ne4 Qe5 24. f4 Qe7 25. Qf2 Be6 26. f5 Bxc4 27.
Rxc4 Ra6 28. Rcd4 Qe5 29. g4 Qa5 30. R1d2 Qe5 31. Re2 Qb5 32. f6 Nxf6 33. Nxf6+
gxf6 34. Red2 Qg5 35. h4 Qe5 36. Re2 Qb5 37. Red2 Qe5 38. Re2 Qb5 39. Red2 $11
1/2-1/2

[Event "94th YMCA Summer-B"]
[Site "Warszawa"]
[Date "2011.08.03"]
[Round "3"]
[White "Prus, Marek"]
[Black "Sokur, Iwan"]
[Result "1-0"]
[WhiteElo "1783"]
[BlackElo "1485"]
[PlyCount "31"]
[EventDate "2011.07.27"]
[EventType "tourn"]
[EventRounds "1"]
[EventCountry "POL"]
[SourceDate "2011.07.27"]

1. e4 e6 2. Nf3 d5 3. e5 c5 4. b4 Nc6 5. bxc5 Bxc5 6. d4 Bb6 7. c3 Nge7 8. Bd3
Bd7 9. O-O O-O 10. Bxh7+ Kh8 11. Bc2 g6 12. Bg5 Qc8 13. Bf6+ Kg8 14. Qd2 Kh7
15. Qg5 Ng8 16. Qh5+ 1-0

[Event "94th YMCA Summer-B"]
[Site "Warszawa"]
[Date "2011.08.09"]
[Round "4"]
[White "Sokur, Iwan"]
[Black "Szewczyk, Mariusz"]
[Result "0-1"]
[WhiteElo "1485"]
[BlackElo "1804"]
[PlyCount "70"]
[EventDate "2011.07.27"]
[EventType "tourn"]
[EventRounds "1"]
[EventCountry "POL"]
[SourceDate "2011.07.27"]

1. d4 Nf6 2. c4 g6 3. Nc3 Bg7 4. e4 O-O 5. Nf3 d6 6. h3 c5 7. d5 e6 8. Bd3 exd5
9. cxd5 a6 10. Bg5 b5 11. O-O h6 12. Bf4 Re8 13. Qc2 c4 14. Be2 Qe7 15. Nd2
Nbd7 16. f3 Nc5 17. a3 Nh5 18. Bh2 Bd4+ 19. Kh1 Qh4 20. f4 Ng3+ 21. Bxg3 Qxg3
22. Nf3 Bxc3 23. bxc3 Nxe4 24. Nh2 Nf2+ 25. Kg1 Nxh3+ 26. Kh1 Nxf4 27. Bf3 Re2
28. Qxe2 Nxe2 29. Bxe2 Qxc3 30. Bg4 Bxg4 31. Nxg4 f5 32. Nh2 Re8 33. Nf3 Re2
34. Nh4 Qg3 35. Rf3 Qxh4+ 0-1

[Event "94th YMCA Summer-B"]
[Site "Warszawa"]
[Date "2011.08.05"]
[Round "4"]
[White "Blank, Kamil"]
[Black "Prus, Marek"]
[Result "1-0"]
[WhiteElo "1674"]
[BlackElo "1783"]
[PlyCount "52"]
[EventDate "2011.07.27"]
[EventType "tourn"]
[EventRounds "1"]
[EventCountry "POL"]
[SourceDate "2011.07.27"]

1. e4 e5 2. Bc4 Nf6 3. Nc3 Bc5 4. d3 c6 5. h3 d5 6. exd5 Nxd5 7. Nge2 O-O 8. a3
Be6 9. Nxd5 cxd5 10. Ba2 Nc6 11. O-O Qh4 12. Qd2 h6 13. b4 Bb6 14. Bb2 Rac8 15.
b5 Nd4 16. Nxd4 Bxd4 17. Bxd4 Qxd4 18. Bb3 e4 19. Rfd1 Rfd8 20. Qf4 g5 21. Qg3
exd3 22. Qxd3 Qf6 23. Qd4 Qe7 24. Qxa7 Ra8 25. Qb6 Rxa3 26. Rxa3 Qxa3 1-0

[Event "94th YMCA Summer-B"]
[Site "Warszawa"]
[Date "2011.08.05"]
[Round "4"]
[White "Wojcikiewicz, Dariusz"]
[Black "Sawicki, Wojciech"]
[Result "0-1"]
[WhiteElo "1443"]
[BlackElo "1740"]
[Annotator "M"]
[PlyCount "168"]
[EventDate "2011.07.27"]
[EventType "tourn"]
[EventRounds "1"]
[EventCountry "POL"]
[SourceDate "2011.07.27"]

1. b3 e5 2. Bb2 Nc6 3. e3 d5 4. Bb5 Bd6 5. Nf3 f6 6. Bxc6+ bxc6 7. d3 Ne7 8.
Nbd2 O-O 9. e4 Bg4 10. h3 Bh5 11. g4 Bf7 12. g5 Bh5 13. gxf6 Rxf6 14. Rg1 Ng6
15. Rg5 Bxf3 16. Nxf3 Rxf3 17. Rxg6 Rxh3 18. Rxg7+ Kxg7 19. Qg4+ Kh8 20. Qxh3
Qg5 21. Ke2 $11 Rf8 22. Rh1 Rf7 23. Qh5 Qxh5+ 24. Rxh5 d4 25. c3 c5 26. c4 $11
Rf6 27. Bc1 Kg7 28. Rh1 Bf8 29. Bg5 Ra6 30. Ra1 Rg6 31. Bh4 Kf7 32. Bg3 Ke6 33.
Rh1 h6 34. Rh5 Bg7 35. Kd2 Bf6 36. Ke2 Bg5 37. Rh3 Kf6 38. Rh5 Rg8 39. Rh3 Re8
40. Rh1 Re6 41. Kf3 Ra6 42. a4 Rb6 43. Rb1 h5 44. Kg2 h4 45. Bh2 Rb8 46. Kf3
Rg8 47. b4 Rb8 48. b5 a5 49. bxa6 Ra8 50. Rb5 Rxa6 51. Rxc5 Rxa4 52. Bxe5+ Kg6
53. Bxd4 Ra3 54. Ke2 Ra2+ 55. Kf1 Rd2 56. Rxc7 Rxd3 57. Bb6 Bf4 58. Rc6+ Kh5
59. Rc5+ Kg4 60. Bc7 Kf3 61. Ba5 Rd1+ 62. Be1 Bd2 63. Rf5+ Kxe4 64. Rf8 Rxe1+
65. Kg2 Bf4 66. Rh8 Rc1 67. Rxh4 Rxc4 68. Rh8 $11 Rc2 69. Re8+ Be5 70. Rf8 Bd4
71. Re8+ Kf5 72. Rf8+ Ke6 73. Kf3 Rxf2+ 74. Ke4 Rxf8 75. Kxd4 Rf5 76. Ke4 Ra5
77. Kd4 Rh5 78. Kc4 Kd6 79. Kb4 Kc6 80. Ka4 Rb5 81. Ka3 Kc5 82. Ka4 Rb8 83. Ka3
Kc4 84. Ka2 Kc3 0-1

[Event "94th YMCA Summer-B"]
[Site "Warszawa"]
[Date "2011.08.05"]
[Round "4"]
[White "Koziol, Pawel"]
[Black "Bartczak, Hanna"]
[Result "1-0"]
[WhiteElo "1804"]
[BlackElo "1661"]
[PlyCount "73"]
[EventDate "2011.07.27"]
[EventType "tourn"]
[EventRounds "1"]
[EventCountry "POL"]
[SourceDate "2011.07.27"]

1. g3 d5 2. Bg2 Nf6 3. d3 e6 4. Nf3 Be7 5. O-O O-O 6. Nbd2 Nbd7 7. e4 dxe4 8.
dxe4 e5 9. b3 Bd6 10. Bb2 Re8 11. Qe2 Nc5 12. Rfd1 Bg4 13. h3 Bxf3 14. Qxf3 Qe7
15. Qe2 c6 16. Nc4 Bc7 17. Ba3 b5 18. Ne3 g6 19. c4 Rab8 20. cxb5 cxb5 21. Nd5
Nxd5 22. Rxd5 b4 23. Bb2 Nd7 24. Rc1 Nf6 25. Rdc5 Bd6 26. Rc6 Red8 27. Qa6 Ne8
28. Bf1 Qb7 29. Qc4 Kf8 30. Qc2 Rd7 31. Ba6 Qa8 32. Qd2 Kg7 33. Bxe5+ f6 34.
Bxd6 Rbd8 35. Qxb4 Nxd6 36. Rc7 Qxe4 37. Qxd6 1-0

[Event "94th YMCA Summer-B"]
[Site "Warszawa"]
[Date "2011.08.10"]
[Round "5"]
[White "Bartczak, Hanna"]
[Black "Wrabel, Antoni"]
[Result "1/2-1/2"]
[WhiteElo "1661"]
[BlackElo "1739"]
[Annotator "M"]
[PlyCount "30"]
[EventDate "2011.07.27"]
[EventType "tourn"]
[EventRounds "1"]
[EventCountry "POL"]
[SourceDate "2011.07.27"]

1. Nf3 d5 2. d4 c6 3. g3 Nf6 4. Bg2 Bg4 5. O-O e6 6. Bf4 Bd6 7. Be5 Qe7 8. Bxd6
Qxd6 9. Nbd2 Nbd7 10. c3 O-O 11. Re1 Rfe8 12. Qb3 b5 13. e4 dxe4 14. Nxe4 Nxe4
15. Rxe4 Nf6 $11 1/2-1/2

[Event "94th YMCA Summer-B"]
[Site "Warszawa"]
[Date "2011.08.04"]
[Round "5"]
[White "Sawicki, Wojciech"]
[Black "Koziol, Pawel"]
[Result "0-1"]
[WhiteElo "1740"]
[BlackElo "1804"]
[PlyCount "82"]
[EventDate "2011.07.27"]
[EventType "tourn"]
[EventRounds "1"]
[EventCountry "POL"]
[SourceDate "2011.07.27"]

1. e4 e5 2. Nf3 Nc6 3. Bb5 a6 4. Ba4 Nf6 5. O-O Be7 6. Re1 b5 7. Bb3 d6 8. c3
O-O 9. h3 Re8 10. d4 Bf8 11. Nbd2 Bb7 12. d5 Nb8 13. Nf1 Nbd7 14. Ng3 g6 15.
Bg5 h6 16. Be3 Nb6 17. Nh2 h5 18. Bg5 Be7 19. f4 exf4 20. Bxf4 h4 21. Nh1 Nh5
22. Bd2 Nd7 23. Ng4 Ne5 24. Nxe5 dxe5 25. Qf3 Rf8 26. Bh6 Bc5+ 27. Kh2 Ng7 28.
Rf1 Kh7 29. Bd2 Nh5 30. Qd3 Qe7 31. Bd1 Nf4 32. Qf3 Bd6 33. Nf2 Nxd5 34. Ng4
Nf4 35. Kh1 f5 36. Nf2 Nh5 37. Re1 Bc5 38. Be3 fxe4 39. Bxc5 Qxc5 40. Nxe4 Bxe4
41. Qxe4 Ng3+ 0-1

[Event "94th YMCA Summer-B"]
[Site "Warszawa"]
[Date "2011.08.10"]
[Round "5"]
[White "Prus, Marek"]
[Black "Wojcikiewicz, Dariusz"]
[Result "1-0"]
[WhiteElo "1783"]
[BlackElo "1443"]
[PlyCount "120"]
[EventDate "2011.07.27"]
[EventType "tourn"]
[EventRounds "1"]
[EventCountry "POL"]
[SourceDate "2011.07.27"]

1. e4 b6 2. d4 Bb7 3. Nc3 e6 4. Nf3 Bb4 5. Bd3 Nf6 6. Bg5 h6 7. Bxf6 Qxf6 8.
O-O Bxc3 9. bxc3 O-O 10. Re1 d6 11. Re3 e5 12. d5 c6 13. c4 Nd7 14. Nd2 c5 15.
a4 a5 16. Qg4 Bc8 17. Rg3 Kh7 18. Rf1 Qg6 19. Qh4 Qf6 20. Qh5 g6 21. Qe2 Qf4
22. Rf3 Qg5 23. Rg3 Qf4 24. Rg4 Qf6 25. f4 Qe7 26. fxe5 Nxe5 27. Rgf4 Bd7 28.
Nf3 Kg7 29. Nxe5 Qxe5 30. Qf3 Be8 31. Rf6 Rd8 32. Kh1 Qe7 33. e5 dxe5 34. Rxb6
Rd6 35. Rb8 Bxa4 36. Rxf8 Qxf8 37. Qe3 Rd8 38. Qxe5+ Kg8 39. Bxg6 Qg7 40. Bxf7+
Kh8 41. Rf6 Bxc2 42. Rxh6+ Bh7 43. Rxh7+ Kxh7 44. Qe4+ Kh8 45. Qh4+ Qh7 46.
Qxd8+ Kg7 47. h4 Qb1+ 48. Kh2 Kxf7 49. Qxa5 Qb8+ 50. g3 Qb2+ 51. Kh3 Qb4 52.
Qb5 Qxb5 53. cxb5 Ke7 54. Kg2 c4 55. Kf2 Kd6 56. b6 Kxd5 57. b7 c3 58. b8=Q Kd4
59. Qh8+ Kd3 60. Qxc3+ Kxc3 1-0

[Event "94th YMCA Summer-B"]
[Site "Warszawa"]
[Date "2011.08.10"]
[Round "5"]
[White "Szewczyk, Mariusz"]
[Black "Blank, Kamil"]
[Result "1-0"]
[WhiteElo "1804"]
[BlackElo "1674"]
[PlyCount "87"]
[EventDate "2011.07.27"]
[EventType "tourn"]
[EventRounds "1"]
[EventCountry "POL"]
[SourceDate "2011.07.27"]

1. e4 c5 2. Nf3 d6 3. d4 cxd4 4. Nxd4 Nf6 5. Nc3 g6 6. f3 Bg7 7. Be3 Nc6 8. Qd2
O-O 9. Bc4 Bd7 10. O-O-O Ne5 11. Bb3 Rc8 12. Bh6 Nc4 13. Bxc4 Rxc4 14. Bxg7
Kxg7 15. g4 Qa5 16. h4 Rfc8 17. h5 Rxc3 18. bxc3 Qxa2 19. Qd3 Qa3+ 20. Kd2 b5
21. Rb1 Qc5 22. Nxb5 Qf2+ 23. Qe2 Qxe2+ 24. Kxe2 Bxb5+ 25. Rxb5 Rxc3 26. h6+
Kf8 27. g5 Nd7 28. Rb7 Ke8 29. Rxa7 Rxc2+ 30. Kd3 Rb2 31. Ra8+ Rb8 32. Rha1 Kd8
33. R1a7 Nc5+ 34. Ke2 Rxa8 35. Rxa8+ Kd7 36. Rh8 Ne6 37. f4 f6 38. gxf6 exf6
39. Rxh7+ Ke8 40. Ra7 g5 41. fxg5 Nd8 42. gxf6 d5 43. h7 Nf7 44. Rxf7 1-0

[Event "94th YMCA Summer-B"]
[Site "Warszawa"]
[Date "2011.08.04"]
[Round "6"]
[White "Tomczyk, Ryszard"]
[Black "Sokur, Iwan"]
[Result "0-1"]
[WhiteElo "1467"]
[BlackElo "1485"]
[PlyCount "126"]
[EventDate "2011.07.27"]
[EventType "tourn"]
[EventRounds "1"]
[EventCountry "POL"]
[SourceDate "2011.07.27"]

1. e4 e6 2. d4 d5 3. Nd2 Nf6 4. e5 Nfd7 5. Nb3 c5 6. c3 Nc6 7. Be3 Qb6 8. Rb1
cxd4 9. cxd4 Bb4+ 10. Bd2 Nxd4 11. Bxb4 Qxb4+ 12. Qd2 Qxd2+ 13. Nxd2 Nxe5 14.
Ne2 Nd3+ 15. Kd1 Nxf2+ 16. Ke1 Nd3+ 17. Kd1 Nxe2 18. Kxe2 Ne5 19. Ke3 Bd7 20.
Be2 Rc8 21. Rhc1 O-O 22. h3 Rxc1 23. Rxc1 Rc8 24. Rb1 Nc4+ 25. Nxc4 dxc4 26.
Rc1 b5 27. Bf3 Bc6 28. Rd1 Bxf3 29. Kxf3 g6 30. Rd7 c3 31. bxc3 Rxc3+ 32. Kf4
Ra3 33. Rd2 a5 34. Ke5 Kg7 35. Kd4 Ra4+ 36. Kc5 Rb4 37. Rf2 Rb1 38. Kb6 a4 39.
Kc5 a3 40. Kd4 Rb2 41. Rf3 Rxa2 42. Rb3 b4 43. Rxb4 Rd2+ 44. Ke3 Rxg2 45. Kf3
Rb2 46. Ra4 a2 47. h4 Rb3+ 48. Kg4 Rb4+ 49. Rxb4 a1=Q 50. Rf4 Qg1+ 51. Kf3 e5
52. Re4 Qh1+ 53. Ke3 Qxe4+ 54. Kxe4 Kf6 55. Kf3 Kf5 56. Kg3 Ke4 57. Kg4 Kd3 58.
Kg5 e4 59. Kf6 e3 60. Kxf7 e2 61. Kg7 e1=Q 62. Kxh7 Qxh4+ 63. Kxg6 Qf4 0-1

[Event "94th YMCA Summer-B"]
[Site "Warszawa"]
[Date "2011.08.12"]
[Round "6"]
[White "Wojcikiewicz, Dariusz"]
[Black "Szewczyk, Mariusz"]
[Result "0-1"]
[WhiteElo "1443"]
[BlackElo "1804"]
[Annotator "Admin"]
[PlyCount "114"]
[EventDate "2011.07.27"]
[EventType "tourn"]
[EventRounds "1"]
[EventCountry "POL"]
[SourceDate "2011.07.27"]

1. b3 d5 2. Bb2 c5 3. e3 Nc6 4. Bb5 Bd7 5. Nf3 Nf6 6. Bxc6 Bxc6 7. Ne5 e6 8.
Nxc6 bxc6 9. O-O Bd6 10. d3 h5 11. Nd2 e5 12. e4 Qc7 13. Qe2 O-O-O 14. Qe3 Ng4
15. Qf3 Rh6 16. exd5 e4 17. Nxe4 Bxh2+ 18. Kh1 cxd5 19. Nc3 Be5 20. Qh3 Kb8 21.
Nb5 Qe7 22. Rae1 Re6 23. Bxe5+ Rxe5 24. Rxe5 Qxe5 25. Qg3 Qxg3 26. fxg3 $11 Re8
27. Nc3 Re5 28. Kg1 f5 29. Rc1 a6 30. Kf1 d4 31. Na4 Kc7 32. Re1 Ne3+ 33. Kf2
Kc6 34. c3 Ng4+ 35. Kf1 Rxe1+ 36. Kxe1 Ne3 37. cxd4 cxd4 38. Kf2 Kb5 39. Kf3 g5
40. Nb2 Nc2 41. Nc4 Kb4 42. Nd6 Ka3 43. Nxf5 Kxa2 44. b4 Kb3 45. Ke4 Kxb4 46.
Nxd4 Nxd4 47. Kxd4 a5 48. Ke5 a4 49. d4 a3 50. d5 a2 51. d6 a1=Q+ 52. Ke6 Qe1+
53. Kd7 Qxg3 54. Ke7 Qxg2 55. d7 Qd5 56. d8=Q Qxd8+ 57. Kxd8 g4 0-1